00405nam a2200157Ia 4500008004100000020001500041041001200056082001600068100001500084245007400099250000800173260002500181300000800206650001500214700001800229221030s9999 xx 000 0 und d a8120309618 aEnglish a105.23bTul aD. S. Tull 0aMarketing Research Measurement & Methodcby D. S. Tull, D. I. Hawkins a6th bTMHaNew Delhic2005 a863 aManagement aD. I. Hawkins